MARC

LEADER 00000nam0a2200000 4500
001 252075
005 20231031213713.0
010 |a 5247004299 
020 |a RU  |b 89-15045 
035 |a (RuTPU)RU\TPU\book\274392 
090 |a 252075 
100 |a 20140227d1989 m a0rusy5003 ca 
101 0 |a rus 
102 |a RU 
105 |a a j 001zy 
200 1 |a Фотограмметрия  |e учебник для вузов  |f Л. Н. Келль [и др.] 
210 |a Москва  |c Недра  |d 1989 
215 |a 319 с.  |c ил. 
225 1 |a Высшее образование 
300 |a Авт. указаны на обороте тит. л. 
320 |a Библиогр.: с. 312 (17 назв.) 
320 |a Предм. указ.: с. 313-316. 
606 1 |a Фотограмметрия  |x Горное  |2 stltpush  |3 (RuTPU)RU\TPU\subj\64203 
610 1 |a горное дело 
610 1 |a применение 
610 1 |a учебники 
610 1 |a фотоснимки 
610 1 |a стереоскопия 
610 1 |a фототриангуляция 
610 1 |a фотопланы 
610 1 |a карты 
610 1 |a составление 
610 1 |a аэрофотосъемка 
610 1 |a камеральные работы 
675 |a 622.1:528.74(075.8)  |z rus  |v 3 
701 1 |a Келль  |b Л. Н. 
701 1 |a Корнилов  |b Ю. Н. 
701 1 |a Пономарев  |b Е. В. 
701 1 |a Черкасов  |b И. А. 
801 0 |a RU  |b RuMRKP  |c 19950417  |g psbo 
801 1 |a RU  |b 63413507  |c 20140227 
801 2 |a RU  |b 63413507  |c 20140326  |g RCR 
942 |c BK